| 000 | 00626cam a2200181 i 4500 | ||
|---|---|---|---|
| 005 | 20251108171203.0 | ||
| 008 | 250721s2000 sy gr 000 0 ara d | ||
| 082 | 1 | 4 |
_a031 _bم ا ر |
| 100 | 1 |
_aمارديني، عبد الرحيم _eمعد. |
|
| 245 | 1 | 0 |
_aالموسوعة العلمية / _cاعداد عبد الرحيم مارديني. |
| 264 | 3 | 1 |
_aدمشق : _bدار المحبة دمشق، _c2000. |
| 300 | _a247 صفحة. | ||
| 650 | 1 | 7 | _aالثقافة. |
| 650 | 1 | 7 | _aالأسئلة و الأجوبة. |
| 650 | 1 | 7 | _aالثقافة الإسلامية. |
| 942 |
_2ddc _cBK |
||
| 999 |
_c58821 _d58821 |
||